| 000 | 01156nam a2200313 4500 | ||
|---|---|---|---|
| 001 | 0000018750 | ||
| 003 | CO-CtgCURN | ||
| 005 | 20250329191003.0 | ||
| 007 | ta | ||
| 008 | 160627s2002 000 0 eng d | ||
| 020 | _a9701033701 | ||
| 040 |
_aCO-CtgCURN _bspa _ccoctgcurn |
||
| 082 | 0 |
_a657.02 _bR65p |
|
| 100 | 1 | _aRomero López, Alvaro Javier. | |
| 245 | 1 | 0 |
_aPrincipios de contabilidad / _cAlvaro Javier Romero López , Ana Lilia Contrera VillaGómez. |
| 250 | _a2a ed. | ||
| 260 |
_aMexico : _bMcGraw-Hill, _c2002. |
||
| 300 | _a798 p. | ||
| 336 | _2rdacontent | ||
| 337 |
_2rdamedia _asin mediacion _bn |
||
| 338 |
_2rdacarrier _avolumen _bnc |
||
| 500 | _aIncluye indice y glosario. | ||
| 504 | _aBibliografia (p. 781-782) | ||
| 505 | 8 | _aLa contaduria publica como una profesion.--Contabilidad financiera.--Estructura basica de la contabilidad financiera.--Principios de contabilidad generalemnte aceptados.--Estructura financiera de la entidad | |
| 650 | 1 | 4 |
_aContabilidad _vEnseñanza superior. |
| 908 | _a160627 | ||
| 942 |
_cBK _h657.02 _iR65p _2ddc |
||
| 999 |
_c10335 _d10335 |
||